00302nam a22000977a 4500008004100000082001100041100001800052245005300070260006500123300001600188260429b |||||||| |||| 00| 0 eng d a002006 aRamanujan, P  aRgveda Samhiteya Vaidikavyakarna Prakriya Part 2 aBangaloreb Parankushachar Institute of Vedic Studies.c2021 a297 to 638p